000 00337nam a2200145Ia 4500
100 _aKai/ Hwang/ Briggs/Faye A
942 _cBK
654 _aComputer
245 _aA Complete Architecture & Paralle Pro
260 _bMc Graw Hill
_aNew Delhi
_c1984
082 _a4.22
_bHWA/AGA
300 _a846
546 _aENGLISH
999 _c24269
_d24269